| 000 | 01812cam a2200421 a 4500 | ||
|---|---|---|---|
| 001 | EDZ0000117191 | ||
| 003 | StDuBDS | ||
| 005 | 20161031105146.0 | ||
| 006 | m||||||||d|||||||| | ||
| 007 | cr ||||||||||| | ||
| 008 | 130111s2004 enk fo| 000|0|eng d | ||
| 020 |
_a9781446262429 (ebook) : _cNo price |
||
| 040 |
_aStDuBDS _beng _cStDuBDS _epn |
||
| 041 | 0 |
_aeng _afre _aspa |
|
| 049 | _aAlfaisal Main Library | ||
| 050 | 0 |
_aHM479.C37 _bM35 2004 |
|
| 082 | 0 | 4 |
_a300.92 _223 |
| 100 | 1 |
_aCastells, Manuel, _d1942- |
|
| 245 | 1 | 0 |
_aManuel Castells _h[electronic resource] / _cedited by Frank Webster & Basil Dimitriou. |
| 260 |
_aLondon : _bSAGE, _c2004. |
||
| 300 | _a1 online resource (3 v. (various pagings)). | ||
| 490 | 1 | _aSAGE masters of modern social thought | |
| 505 | 0 | _av. 1. From Marxism, France and The urban question to The city and the grassroots -- v. 2-3. From the informational city to the information age. | |
| 520 | 8 | _aPremier analyst of the information age, Manuel Castells is one of the outstanding social scientist's working today. These volumes provide a prismatic guide to the writings of Castells on the city, the urban question, social movements, globalization and information technologies. | |
| 521 | _aSpecialized. | ||
| 546 | _aText in English, French, and Spanish. | ||
| 588 | _aDescription based on print version record. | ||
| 504 | _aIncludes bibliographical references. | ||
| 650 | 0 | _aSociology. | |
| 655 | 7 |
_aElectronic books. _2local |
|
| 700 | 1 | _aWebster, Frank. | |
| 700 | 1 |
_aDimitriou, Basil, _d1941- |
|
| 710 | 2 | _aSage eBooks | |
| 776 | 0 | 8 |
_iPrint version : _z9780761940432 |
| 830 | 0 | _aSAGE masters of modern social thought. | |
| 856 | 4 | 0 | _uhttp://ezproxy.alfaisal.edu/login?url=http://sk.sagepub.com/navigator/manuel-castells |
| 942 |
_2lcc _cEBOOKS |
||
| 999 |
_c480601 _d480601 |
||